Новые материалы. Создание, структура, свойства - 2006: Труды VI Всероссийской школы-семинара с международным участием, Томск, 13-15 июня 2006 г.

Dades bibliogràfiques
Autor corporatiu: Российская академия наук (РАН) Сибирское отделение (СО), Новые материалы. Создание, структура, свойства - 2006 всероссийская школа-семинар
Sumari:Обсуждаются конкретные решения в области материаловедения и проблем прочности современных конструкционных материалов и защитных и упрочняющих покрытий. Материалы сборника трудов представляют интерес для студентов и молодых ученых, занимающихся проблемами материаловедения
Idioma:rus
Publicat: Томск, Изд-во ТПУ, 2006
Matèries:
Format: Llibre
KOHA link:https://koha.lib.tpu.ru/cgi-bin/koha/opac-detail.pl?biblionumber=105795

MARC

LEADER 00000nam0a2200000 4500
001 105795
005 20231031114632.0
035 |a (RuTPU)RU\TPU\book\114156 
090 |a 105795 
100 |a 20061121d2006 k y0rusy50 ca 
101 0 |a rus 
102 |a RU 
105 |a a z 101zy 
200 1 |a Новые материалы. Создание, структура, свойства - 2006  |e Труды VI Всероссийской школы-семинара с международным участием, Томск, 13-15 июня 2006 г.  |f Сибирское отделение РАН 
210 |a Томск  |c Изд-во ТПУ  |d 2006 
215 |a 261 с.  |c ил. 
320 |a Библиография в конце докладов. 
330 |a Обсуждаются конкретные решения в области материаловедения и проблем прочности современных конструкционных материалов и защитных и упрочняющих покрытий. Материалы сборника трудов представляют интерес для студентов и молодых ученых, занимающихся проблемами материаловедения 
610 1 |a материаловедение 
610 1 |a новые материалы 
610 1 |a конструкционные материалы 
610 1 |a прочность 
610 1 |a электроника 
610 1 |a многослойные материалы 
610 1 |a защитные покрытия 
610 1 |a поверхностное упрочнение 
610 1 |a машиностроительные материалы 
610 1 |a перспективные материалы 
610 1 |a школы-семинары 
675 |a 620.22(063)  |v 3 
712 0 2 |a Российская академия наук (РАН)  |b Сибирское отделение (СО)  |c (Новосибирск)  |2 stltpush  |3 (RuTPU)RU\TPU\col\5931 
712 1 2 |a Новые материалы. Создание, структура, свойства - 2006  |b всероссийская школа-семинар  |c труды  |d 6  |e Томск  |f 2006 
801 1 |a RU  |b 63413507  |c 20061121  |g PSBO 
801 2 |a RU  |b 63413507  |c 20151217  |g PSBO 
942 |c BK